Responses for show #7750 - Friday, April 27, 2018

Contestants

Alexandra Henkoff, a college admissions counselor from Houston, Texas

Tom McGinnis, a fulfillment associate from Pittsburgh, Pennsylvania

Carolyn Walsh, a software engineer from Brooklyn, New York (whose 1-day cash winnings total $10,600)

Jeopardy! Round responses

LUTHER'S 95 THESES
HOUSE PARTY
MAGAZINES
LET IT "RAIN"
AMERICAN POETRY
EARNING BEYOND THE GRAVE
    $200 21
Jesus

Alexandra
    $200 16
Atlanta

Alexandra
    $200 7
Rolling Stone

Alexandra
    $200 1
a sprain

Alexandra
    $200 2
neighbors

Carolyn
    $200 14
Michael Jackson

Carolyn
    $400 22
the pope

Carolyn
    $400 17
a gingerbread house

Carolyn
    $400 8
the Reader's Digest

Tom
    $400 3
a drain

Tom
    $400 12
Silverstein

Tom
    $400 15
Charles Schulz

Tom
    $600 23
(Alex: Less than a minute now.)

a sin

Carolyn
    $600 18
corpses

Carolyn
    $600 9
Sir Arthur Conan Doyle

Triple Stumper
    $600 4
refrain

Carolyn
    $1,000 13
(Tom: I don't have the clue.)

"Old Ironsides"

Tom
    $600 27
[The end-of-round signal sounds.]

David Bowie

Carolyn
    $800 24
sermons

Alexandra
    $800 19
ecology

Carolyn
    $800 10
Vanity Fair

Alexandra
    $800 5
all-terrain

Carolyn
    $800 25
Kilmer

Alexandra
    $1000 20
Hull House

Carolyn
    $1000 11
(Carolyn: What is Women's World Weekly?)

Cosmopolitan

Carolyn
Triple Stumper
    $1000 6
a Brainiac

Tom
    $1000 26
Ralph Waldo Emerson

Triple Stumper

Scores at the first commercial break (after clue 15):

Carolyn Tom Alexandra
$800 $1,600 $1,200

Scores at the end of the Jeopardy! Round:

Carolyn Tom Alexandra
$5,200 $1,600 $3,200

Double Jeopardy! Round responses

LONGTIME RULERS
PRONOUNS
ROLE WITH THE PUNCHES
LANDMARKS OF AFRICA
THEATER SUPERSTITIONS
THE MATILDA EFFECT
    $400 1
(Tom: Who is Ivan?)
(Alex: Be more specific. Well, we'll give it to you. [*].)

Ivan (the Terrible)

Tom
    $400 3
me

Alexandra
    $400 16
Will Smith

Tom
    $400 25
(Alex: Less than a minute now.)

a mosque

Carolyn
    $400 8
a mirror

Tom
    $400 20
a suffragette

Tom
    $800 2
the Medicis

Alexandra
    $800 4
what

Carolyn
    $800 17
Million Dollar Baby

Tom
    $800 26
Cairo

Alexandra
    $800 9
break a leg

Carolyn
    $800 21
Marie Curie

Carolyn
    $4,000 13
a caliph

Carolyn
    $1200 5
All

Tom
    $1200 18
Cinderella Man

Alexandra
    $1200 27
(Carolyn: What is Lethoso? Lethutu? Lethoso?)

Lesotho

CarolynAlexandra
    $1200 10
Macbeth

Carolyn
    $1200 22
chromosomes

Alexandra
    $1600 14
Franz Joseph

Triple Stumper
    $1600 6
(Alexandra: What is few?)
(Tom: What is other?)

several

TomAlexandra
Triple Stumper
    $1600 19
Jake Gyllenhaal

Alexandra
    $1600 28
Kunta Kinte

Tom
    $4,000 11
(Carolyn: What is... a raven's feather?)

a peacock feather

Carolyn
    $1600 23
fission

Carolyn
    $2000 15
Swaziland

Triple Stumper
    $2000 7
them

Tom
    $2000 29
[The end-of-round signal sounds.]

the African Union

Triple Stumper
    $2000 12
the ghost light

Triple Stumper
    $2000 24
DNA

Tom

Scores at the end of the Double Jeopardy! Round:

Carolyn Tom Alexandra
$9,600 $9,200 $8,800

[wagering suggestions for these scores]

Final Jeopardy! Round responses

LEGENDARY PEOPLE
(Alex: [To Alexandra] The piece of furniture was a big, big round table. You are right. King Arthur.)
AlexandraWho is Guinevere
$8,500
TomWho is Sleeping Beauty
$8,800
CarolynWho someone who has never been in my
$8,801
Guinevere

Final scores:

Carolyn Tom Alexandra
$799 $400 $17,300
2nd place: $2,000 3rd place: $1,000 New champion: $17,300

Game dynamics:

Coryat scores:

Carolyn Tom Alexandra
$10,800 $10,200 $8,800
18 R
(including 1 DD),
3 W
(including 1 DD)
14 R,
2 W
(including 1 DD)
14 R,
1 W

Combined Coryat: $29,800

The J! Archive is created by fans, for fans. The Jeopardy! game show and all elements thereof, including but not limited to copyright and trademark thereto, are the property of Jeopardy Productions, Inc. and are protected under law. This website is not affiliated with, sponsored by, or operated by Jeopardy Productions, Inc. Join the discussion at JBoard.tv.